Biblioteka Instytutu Północnego w Olsztynie

Widok standardowy Widok MARC

Pozycja Corporate Name

Liczba rekordów, w których użyto hasła: 1

001 - Numer kontrolny

  • control field: 40204

003 - Identyfikator numeru kontrolnego

  • control field: NUKAT

005 - Data i czas ostatniej modyfikacji

  • control field: 20260416200059.0

008 - Dane kontrolne kodowane (40 znaków)

  • fixed length control field: 951028n||a|znnaabn |a ana |c

010 ## - Numer kontrolny Biblioteki Kongresu

  • numer kontrolny LC: n 96015042

024 7# - OTHER STANDARD IDENTIFIER

  • Standard number or code: 168709415
  • Source of number or code: viaf

024 7# - OTHER STANDARD IDENTIFIER

  • Standard number or code: Q6971926
  • Source of number or code: wikidata

024 7# - OTHER STANDARD IDENTIFIER

  • Standard number or code: 0000000088103274
  • Source of number or code: isni

040 ## - Instytucja sporządzająca rekord

  • inst. przygot. dane do rek. khw: WA U/RET
  • język haseł przedmiotowych/tezaurus: kaba
  • inst. wprow. rek. khw: WA U/ac
  • inst. modyf. rek. khw: WA U/EJ
  • inst. modyf. rek. khw: PZ 001/DA
  • inst. modyf. rek. khw: TOR U/TL

110 1# - Hasło - nazwa ciała zbiorowego

  • nazwa ciała zbior. lub geogr. na pocz.: Polska.
  • nazwa jednostki podrzędnej: Rada Narodowa Rzeczypospolitej Polskiej.

410 2# - Trop zob. - nazwa ciała zbiorowego

  • nazwa ciała zbior. lub geogr. na pocz.: Rada Narodowa Rzeczypospolitej Polskiej.

410 2# - Trop zob. - nazwa ciała zbiorowego

  • nazwa ciała zbior. lub geogr. na pocz.: Rada Rzeczypospolitej Polskiej.

410 2# - Trop zob. - nazwa ciała zbiorowego

  • nazwa ciała zbior. lub geogr. na pocz.: Rada Narodowa RP.

410 2# - Trop zob. - nazwa ciała zbiorowego

  • nazwa ciała zbior. lub geogr. na pocz.: Rada RP.

665 ## - Nota historyczna

  • nota historyczna: Emigracyjny parlament polski, działał w latach 1939-1991.

670 ## - Źródło informacji

  • źródło informacji: Dzieje Sejmu Polskiego / red. Juliusz Bardach. - Warszawa, 1993.

670 ## - Źródło informacji

  • źródło informacji: Diariusz Rady Narodowej Rzeczypospolitej Polskiej. - 1949

670 ## - Źródło informacji

  • źródło informacji: Diariusz Rady Rzeczypospolitej Polskiej. - 1954/1955

670 ## - Źródło informacji

  • źródło informacji: Komisje prawno-ustrojowe Rady Narodowej RP na emigracji w latach 1939-1991 / Grzegorz Kulka. - Warszawa, 2009.
  • gdzie znaleziono informację: s. 365 (Rada Narodowa zwołała swe ostatnie posiedzenie na 8 XII 1991 r.)
Biblioteka Instytutu Północnego, ul. Partyzantów 87, 10-402 Olsztyn, email: biblioteka(at)ip.olsztyn.pl